Project Management : Best Practices for IT Professionals /

Збережено в:
Бібліографічні деталі
Автор: Murch, Richard (autor)
Формат: Книга
Мова:Англійська
Опубліковано: Upper Saddle River, EUA : Prentice-Hall, 2001, c2001
Предмети:
Теги: Додати тег
Немає тегів, Будьте першим, хто поставить тег для цього запису!

MARC

LEADER 00000nam^a2200000^a^4500
001 000157623
005 20250521000000.0
009 20260310100546.06
020 |a 0-13-021914-2 
037 |a Acervo ITESO - Biblioteca 
041 |a ING 
082 |a 658. 404  |b MUR 
100 |a Murch, Richard  |e (autor) 
245 1 0 |a Project Management :  |b Best Practices for IT Professionals / 
264 4 |a Upper Saddle River, EUA :  |b Prentice-Hall,  |c 2001, c2001 
300 |a XXIII, 247 p. 
336 |a texto  |b txt  |2 rdacontenido 
337 |a sin mediación  |b n  |2 rdamedio 
338 |a volumen  |b nc  |2 rdasoporte 
649 |a XX 
650 |a Internet 
650 |a Correo Electrónico 
650 |a Comunicación en Red 
650 |a Redes de Computadoras 
650 |a Agentes Inteligentes (Software) 
650 |a Inteligencia Artificial 
650 |a Sistemas Computacionales 
650 |a Ingeniería de Software 
650 |a Ingeniería Computacional 
650 |a Administración de Proyectos -  |x Metodología 
650 |a Trabajo en Equipo 
650 |a Automatización 
650 |a Desarrollo Tecnológico 
650 |a Solución de Problemas 
650 |a Liderazgo 
650 |a Proceso Administrativo 
650 |a Ciencias Administrativas 
910 |a Fondo General 
920 |a Impresos - Libros 
930 |a Colección General 
905 |a 101 
901 |a 0500087541  |b IT1  |c ACC  |u 20250521 
902 |a https://opac.biblio.iteso.mx/vufind/Record/000157623